000 00531nam a2200181Ia 4500
008 100921s9999 xx 000 0 und d
082 _b13807
_a823 ढ 91
100 _aHuner William,Editor.
245 _aRulers Of India.
260 _b---
_c1891
300 _a200
_b---
365 _b0
520 _aललित इंग्र्रजी कादंबरी.
630 _aRulers Of India.
650 _aललित इंग्र्रजी कादंबरी.
730 _aRulers Of India.
942 _cBOOK
999 _c762920
_d762917